000 00283nam a2200121 i 4500
001 bg
245 0 _aPrzewodnik projektowania urządzeń elektronicznych.
260 _aBydgoszcz,
_c1988.
040 _cBPK
041 _apol
942 _cKS
008 s pl f |000 0 pol
999 _c3848
_d3848
856 _uhttp://koha.tu.koszalin.pl/cgi-bin/koha/opac-detail.pl?biblionumber=3848
_yKatalog online BPK